Enzýmová produkcia vanilínu z izoeugenolu
Na minha lista:
| Autor principal: | |
|---|---|
| Outros Autores: | |
| Formato: | Manuscrito Livro |
| Idioma: | eslovaco |
| Publicado em: |
2023
|
| Assuntos: | |
| Acesso em linha: | http://is.stuba.sk/zp/portal_zp.pl?podrobnosti=169603 |
| Tags: |
Sem tags, seja o primeiro a adicionar uma tag!
|
MARC
| LEADER | 00000ntm a22000003a 4500 | ||
|---|---|---|---|
| 001 | stuzp94326 | ||
| 003 | SK-STU | ||
| 005 | 20230909221737.8 | ||
| 007 | ta | ||
| 008 | 150427s2015----xo-----f-mn---000-0-slo-d | ||
| 040 | |a STU |b slo | ||
| 041 | 0 | |a slo | |
| 100 | 1 | |a Magula, Šimon |u 044000 |4 aut |U FCHPT Fakulta chemickej a potravinárskej technológie |T FCHPT Ústav biotechnológie |X 97421 |U C4000 |Y 102 |7 97421 | |
| 242 | 0 | 1 | |a Enzymatic production of vanillin from isoeugenol |y eng |
| 245 | 1 | 0 | |a Enzýmová produkcia vanilínu z izoeugenolu |
| 260 | |c 2023 | ||
| 650 | 4 | |a DyPB lignínperoxidáza |2 slo | |
| 650 | 4 | |a aktívne uhlie |2 slo | |
| 650 | 4 | |a biotransformácia |2 slo | |
| 650 | 4 | |a vanilín |2 slo | |
| 650 | 4 | |a izoeugenol |2 slo | |
| 650 | 4 | |a activated carbon |2 eng | |
| 650 | 4 | |a biotransformation |2 eng | |
| 650 | 4 | |a vanillin |2 eng | |
| 650 | 4 | |a isoeugenol |2 eng | |
| 650 | 4 | |a DyPB lignin peroxidase |2 eng | |
| 700 | 1 | |a Štefuca, Vladimír |u 044000 |k Z1 |4 ths |U FCHPT Fakulta chemickej a potravinárskej technológie |T FCHPT Ústav biotechnológie |X 3884 |U C4000 |Y 102 |7 3884 | |
| 856 | 4 | |u http://is.stuba.sk/zp/portal_zp.pl?podrobnosti=169603 | |